Special delivery Canada's postal heritage

Bibliographic Details
Main Author: Amyot, Chantal (Author)
Format: Book
Language:English
PhysicalDescription:150 s. fotogr. (prevažne fareb.) 32 cm
Published: Fredericton, N. B. Goose Lane Editions c2000
ISBN:0864923104
Subjects:

MARC

LEADER 00000nam a2200000 a 4500
001 vtls008409576
003 SK-MaSNL
005 20260317124345.0
008 240318s2000 xxco g 001 0deng
020 |a 0864923104  |q (viaz.) 
040 |a SNK  |b slo  |c SNK  |e AACR2 
041 0 |a eng 
043 |a n-cn--- 
044 |a xxc  |c CA 
072 7 |a 656.8  |x Poštové služby a správa  |2 konspekt 
080 |a 656.848.3(091)  |2 2001 
080 |a 656.86  |2 2001 
080 |a 656.835.1  |2 2001 
080 |a 656.835.91  |2 2001 
080 |a 94(71)  |2 2001 
080 |a (084.11)  |2 2001 
100 1 |a Amyot, Chantal  |4 aut  |9 470977 
245 1 0 |a Special delivery  |b Canada's postal heritage  |c Chantal Amyot, Bianca Gendreau, John Willis ; edited by Francine Brousseau ; principal photography by Claire Dufour 
260 |a Fredericton, N. B.  |b Goose Lane Editions  |c c2000 
300 |a 150 s.  |b fotogr. (prevažne fareb.)  |c 32 cm 
650 0 7 |a poštová preprava  |2 SNKPH  |9 422326 
650 0 7 |a poštové pečiatky  |2 SNKPH  |9 86937 
650 0 7 |a poštové nálepky  |2 SNKPH  |9 178796 
650 0 7 |a poštové známky  |2 SNKPH  |9 51141 
650 0 7 |a reklamné poštové nálepky  |2 SNKPH  |9 155910 
651 7 |a Kanada  |2 SNKPH  |9 17505 
655 7 |a obrazové publikácie  |2 SNKPH  |9 70343 
919 |a 0-86492-310-4 
999 |c 737101  |d 739031 
952 |a SNK  |b SNK  |y VYP  |7 0  |p 17A0489186  |o snkIB 71012  |i snk2005/20444  |8 2  |g 40.33  |0 0  |1 0  |4 0  |d 2005-11-14  |l 0  |r 2026-02-23 22:47:54  |w 2026-02-23